Zaťaženie najväčších bánk platobnou neschopnosťou podnikov sa dostalo na hranicu únosnosti
Problém platobnej neschopnosti podnikov SR. Odsúvanie riešenia problému jednotlivými vládami. Naliehavá potreba systémového riešenia problému a prijatia opatrení, najmä legislatívnych. Platobná neschopnosť a úloha bánk. Problém zlých úverov, genéza problému. Nerešpektovanie zákona o účtovníctve. Ban...
Salvato in:
| Autore principale: | |
|---|---|
| Natura: | Capitolo di libro |
| Lingua: | slovacco |
| Soggetti: | |
| Tags: |
Nessun Tag, puoi essere il primo ad aggiungerne!!
|
MARC
| LEADER | 00000naa a2200000 4500 | ||
|---|---|---|---|
| 001 | r018593 | ||
| 005 | 20221205103159.6 | ||
| 041 | 0 | |a slo | |
| 044 | |a SK | ||
| 245 | 1 | 0 | |a Zaťaženie najväčších bánk platobnou neschopnosťou podnikov sa dostalo na hranicu únosnosti |c J. Kovalčík |
| 520 | |a Problém platobnej neschopnosti podnikov SR. Odsúvanie riešenia problému jednotlivými vládami. Naliehavá potreba systémového riešenia problému a prijatia opatrení, najmä legislatívnych. Platobná neschopnosť a úloha bánk. Problém zlých úverov, genéza problému. Nerešpektovanie zákona o účtovníctve. Bankový dohľad a jeho aktivity. Zdroje a krytie rizík. | ||
| 610 | 2 | 0 | |a insolventnosť |
| 610 | 2 | 0 | |a banky |
| 610 | 2 | 0 | |a podnik |
| 610 | 2 | 0 | |a úver bankový |
| 610 | 2 | 0 | |a dohľad bankový |
| 610 | 2 | 0 | |a Slovensko |
| 100 | 1 | |a Kovalčík, J. | |